000 00542nam a22001697a 4500
005 20251108174613.0
008 250721s9999 xx 000 0 ara d
082 1 4 _a612/إبر
100 1 _aإبراهيم، محمد رضا
_eمؤلف
245 1 0 _aمكتبة الأسرة في الأحياء الجزء الثاني جسم الانسان /
264 1 _aالقاهرة :
_bمكتبة ابن سينا،
_c(200-).
300 _aج2
650 1 7 _aالاحياا
650 1 7 _aجسم الانسان
942 _2ddc
_cBK
999 _c113343
_d113343